| 000 | 00590nam a22001937a 4500 | ||
|---|---|---|---|
| 003 | 0 | ||
| 005 | 20230925140204.0 | ||
| 008 | 230925b xxu||||| |||| 00| 0 eng d | ||
| 020 | _a978-93-94137-53-0 | ||
| 050 |
_aQP 519.7 _b.J36 2023 |
||
| 100 | _aJamal, Arshad | ||
| 245 |
_aThe tools of biochemistry _cArshad Jamal |
||
| 260 |
_aNew Delhi, India _bRandom Publications LLP _cc2023. |
||
| 300 |
_ax, 288 pages ; _c25 cm. |
||
| 500 | _aBiochemistry--technique. | ||
| 504 | _aIncludes bibliographical references and index. | ||
| 650 | _aBiochemistry--technique. | ||
| 942 |
_2lcc _cBK |
||
| 999 |
_c365386 _d365386 |
||